000
00206nam a22000977a 4500
082
_a
050
245
_a
VANITHA 2 - MALAYALAM - APRIL 1 - 14, 2018
300
_a
98P
490
_a
APRIL 1 - 14, 2018
942
_c
CR
999
_c
4470
_d
4470